000 00999nam a22002537a 4500
005 20170124103009.0
010 _aA-491770
020 _c60.00
_a8171872094
035 _aA-491770
037 _bCen Lib/Ret
040 _aDPL
_bHN
082 _a
_bकपूर
100 _aकपूर, गौरीशंकर
_957166
245 _aउल्का संकेत /
_cगौरीशंकर कपूर
246 _aUlka sanket /
_bby Gaurishankar Kapoor
260 _aनई दिल्ली
_bराजकमल प्रकाशन
_c1991
270 _a1-बी, नाताजी शुभाष मार्ग
_bनई दिल्ली
_e110002
300 _a170पृ.
_c16सेमी(सजिल्द )
650 _aहिंदी साहित्य
_x
_z
_957167
650 _aहिंदी उपन्यास
_957168
650 _aHindi literature
_v
_957169
650 _aHindi fiction
_927248
942 _2ddc
_cHN
_h
_mकपूर
999 _c114525
_d114525